Portland Trailblazers 2025-2026 Roster - Statistics

General Stats
  • This quiz has been taken 30 times
    23 since last reset
  • The average score is 10 of 18
Answer Stats
Jersey # Pos Answer % Correct
23 C Donovan Clingan
92%
00 G Scoot Henderson
83%
33 F Toumani Camara
83%
8 F Deni Avdija
75%
9 F Jerami Grant
75%
5 G Jrue Holiday
75%
17 G Shaedon Sharpe
75%
0 G Damian Lillard
67%
35 C-F Robert Williams III
67%
2 G Caleb Love
50%
4 G-F Matisse Thybulle
50%
16 C Yang Hansen
50%
1 G Blake Wesley
42%
24 F Kris Murray
42%
91 G Sidy Cissoko
42%
21 G-F Rayan Rupert
25%
27 G Vit Krejci
25%
18 G Javonte Cooke
8%
No matching quizzes found
Score Distribution
Percent of People with Each Score
Percentile by Number Answered
Your Score History
You have not taken this quiz since the last reset